Psicología de la tercera edad: soluciones a un mundo en crisis
Tallennettuna:
| Päätekijä: | |
|---|---|
| Aineistotyyppi: | Kirja |
| Kieli: | espanja |
| Julkaistu: |
Madrid
Iberoamericanos Quorum
1987
|
| Sarja: | Biblioteca Básica de Psicología General y Aplicada. Serie Roja, 18
|
| Aiheet: | |
| Tagit: |
Lisää tagi
Ei tageja, Lisää ensimmäinen tagi!
|
MARC
| LEADER | 00000nam a2200000 a 4500 | ||
|---|---|---|---|
| 001 | UCW4995 | ||
| 003 | CL-VaPUC | ||
| 008 | 901105e19870000SP |||||||||||||||||spa|d | ||
| 082 | 0 | 4 | |a 155.67 |b ROD |2 21 |
| 100 | 0 | |a Rodríguez Tejada, Petra Nieves |e author |9 309794 | |
| 245 | 1 | 0 | |a Psicología de la tercera edad: soluciones a un mundo en crisis |
| 300 | |a 168 p | ||
| 942 | |c BK | ||
| 945 | |d 19901105 00:00:00 | ||
| 260 | |a Madrid |b Iberoamericanos Quorum |c 1987 | ||
| 650 | 0 | |a Tercera edad |9 307285 | |
| 650 | 0 | |a Ancianos |9 307293 | |
| 650 | 0 | |a Aspectos psicológicos |9 258128 | |
| 583 | |a last modification |c 19901105 00:00:00 |k Rodrigo Vera | ||
| 490 | 0 | |a Biblioteca Básica de Psicología General y Aplicada. Serie Roja, 18 | |
| 999 | |c 218524 |d 218522 | ||
| 952 | |0 0 |1 0 |4 0 |6 155_670000000000000_ROD_1987 |7 0 |8 P |9 208231 |a BIBEDU |b BIBEDU |d 2019-11-15 |i 2761661 |o 155.67 ROD 1987 |p 2761661 |r 2024-01-25 |w 2019-11-15 |y BK |k EDU | ||